|
|
|
|
| LEADER |
02148nam a2200577 i 4500 |
| 001 |
nkc20172927899 |
| 003 |
CZ PrNK |
| 005 |
20180123123657.0 |
| 007 |
ta |
| 008 |
170818s2017 xr ab f 001 0 cze |
| 015 |
|
|
|a cnb002927899
|
| 020 |
|
|
|a 978-80-242-5915-4
|q (vázáno) :
|c Kč 279,00
|
| 035 |
|
|
|a (OCoLC)1022784413
|
| 040 |
|
|
|a BOA001
|b cze
|e rda
|
| 041 |
1 |
|
|a cze
|h eng
|
| 072 |
|
7 |
|a 316.4
|x Sociální procesy
|2 Konspekt
|9 18
|
| 080 |
|
|
|a 316.4
|2 MRF
|
| 080 |
|
|
|a 316.422.42
|2 MRF
|
| 080 |
|
|
|a 330.35
|2 MRF
|
| 080 |
|
|
|a 304.9
|2 MRF
|
| 080 |
|
|
|a (0.062)
|2 MRF
|
| 100 |
1 |
|
|a Bregman, Rutger,
|d 1988-
|7 xx0219298
|4 aut
|
| 240 |
1 |
0 |
|a Utopia for realists.
|l Česky
|
| 245 |
1 |
0 |
|a Utopie pro realisty :
|b nepodmíněný příjem, otevřené hranice, 15 hodin práce týdně /
|c Rutger Bregman ; z mezinárodní anglické verze Utopia for realists ... přeložil Tomáš Jeník
|
| 250 |
|
|
|a Vydání první
|
| 264 |
|
1 |
|a Praha :
|b Knižní klub,
|c 2017
|
| 300 |
|
|
|a 252 stran :
|b ilustrace, mapy ;
|c 21 cm
|
| 336 |
|
|
|a text
|b txt
|2 rdacontent
|
| 337 |
|
|
|a bez média
|b n
|2 rdamedia
|
| 338 |
|
|
|a svazek
|b nc
|2 rdacarrier
|
| 490 |
1 |
|
|a Universum
|
| 504 |
|
|
|a Obsahuje bibliografické odkazy a rejstřík
|
| 650 |
0 |
7 |
|a sociální procesy
|7 ph348290
|2 czenas
|
| 650 |
0 |
7 |
|a sociální pokrok
|7 ph120947
|2 czenas
|
| 650 |
0 |
7 |
|a ekonomický růst
|7 ph114429
|2 czenas
|
| 650 |
0 |
7 |
|a utopie
|7 ph126958
|2 czenas
|
| 650 |
0 |
9 |
|a social processes
|2 eczenas
|
| 650 |
0 |
9 |
|a social progress
|2 eczenas
|
| 650 |
0 |
9 |
|a economic development
|2 eczenas
|
| 650 |
0 |
9 |
|a utopias
|2 eczenas
|
| 655 |
|
7 |
|a populárně-naučné publikace
|7 fd131864
|2 czenas
|
| 655 |
|
9 |
|a popular works
|2 eczenas
|
| 700 |
1 |
|
|a Jeník, Tomáš,
|d 1978-
|7 jn20001005248
|4 trl
|
| 830 |
|
0 |
|a Universum (Knižní klub)
|0 s
|
| 910 |
2 |
|
|a BOA001
|b 2-1400.023
|
| 928 |
9 |
|
|a Euromedia Group - Knižní klub
|
| 990 |
|
|
|a BK
|
| 995 |
|
|
|a 01
|
| 991 |
|
|
|b 201801
|c NOV
|
| 996 |
6 |
|
|b 2610728838
|c 2-1400.023
|l MZK
|r Sklad / do 1 hodiny
|n 3
|p p.v.
|w 001644801
|u 000010
|a 1
|e BOA001
|j MZK50
|s P
|
| 996 |
7 |
|
|b 2610731762
|c 2-1400.023
|l Vol.výběr
|r VV 0p
|n 19
|p kup
|h 316.4 BRE
|w 001644801
|u 000020
|a 0
|e BOA001
|j MZK50
|s A
|